| 000 | 00386cam a2200169 4500 | ||
|---|---|---|---|
| 001 | M784 | ||
| 008 | 090401t1965 xxu||||| |||| 00| 0 eng d | ||
| 035 | _a(Sirsi) u5362 | ||
| 041 | _aeng | ||
| 110 |
_aUnited Kingdom _kLaws, etc _95044 |
||
| 245 | _aRent Act, 1965. | ||
| 260 |
_aLondon _bHMSO _c1965 |
||
| 300 | _aiii,51p. ; 25cm. | ||
| 350 | _a0 | ||
| 942 | _n0 | ||
| 948 | _c04/03/1997 | ||
| 999 |
_c86167 _d86167 |
||